| 000 | 01490cam a22002775a 4500 | ||
|---|---|---|---|
| 999 |
_c26946 _d26918 |
||
| 001 | 19422874 | ||
| 005 | 20181104123134.0 | ||
| 008 | 161227t2017 ne a frb 001 0 eng d | ||
| 010 | _a 2016963519 | ||
| 020 | _a9780081021729 | ||
| 040 |
_aDLC _beng _cDLC _dEG-ScBUE |
||
| 082 | 0 | 4 |
_a620.106 _bSHE _222 |
| 100 | 1 |
_aSheikholeslami, Mohsen, _d1988- _941893 |
|
| 245 | 1 | 0 |
_aApplications of nanofluid for heat transfer enhancement / _cMohsen Sheikholeslami, Davood Domairry Ganji. |
| 260 |
_aAmsterdam, Netherlands : _bElsevier, _cc.2017. |
||
| 300 |
_axii, 605 p. : _bill. ; _c24 cm. |
||
| 490 | 0 | _aMicro & nano technologies | |
| 504 | _aIncludes bibliographical references and index. | ||
| 505 | 0 | _a1. Nanofluid: Definition and Applications 2. Nanofluid Natural Convection Heat Transfer 3. Nanofluid Forced Convection Heat Transfer 4. Nanofluid Flow and Heat Transfer in the Presence of Thermal Radiation 5. Nanofluid Flow and Heat Transfer in the Presence of Electric Field 6. Nanofluid Flow and Heat Transfer in the Presence of Constant Magnetic Field 7. Nanofluid Flow and Heat Transfer in the Presence of Variable Magnetic Field 8. Nanofluid Conductive Heat Transfer in Solidification Mechanism 9. Nanofluid Flow and Heat Transfer in Porous Media Appendix: Sample Codes for New Semianalytical and Numerical Methods | |
| 650 | _2BUEsh | ||
| 651 | _2BUEsh | ||
| 653 |
_bENGGEN _cNovember2018 |
||
| 655 | _vReading book | ||
| 700 | 1 |
_aGanji, Davood Domairry. _941894 |
|
| 942 | _2ddc | ||